00581nam a2200169Ia 4500003000400000008004100004040001600045082002000061100002600081245007300107700004500180260005300225490000500278650004400283650002900327650005500356GCL140319s9999 xx 000 0 ara d aGCL / cGCL04a001.6424bب ا1 aبيكر، كارول10aالف باء البرنامجDBASE IV 1.1 / cبيكر، كارول1 aمركز التعريب والبرمجة a[S.N] : bالدار العربية للعلوم a04aالحاسبات الالكترونية04aدبيز فور بلاس04aبرامج الحاسبات الالكترونية